000 00620nam a2200229Ia 4500
005 20250425162428.0
008 250425s9999 xx 000 0 und d
020 _a847978590X
041 _aspa
082 _a628.16
100 _aMARIN GALVIN, RAFAEL
245 0 _aFISICOQUIMICA Y MICROBIOLOGIA DE LOS MEDIOS ACUATICOS: TRATAMIENTO Y CONTROL DE CALIDAD DE AGUAS
250 _a1A ED.
260 _aEspaƱa
_bDIAZ DE SANTOS
_c2003
260 _aMADRID
300 _a311
650 _aCALIDAD DEL AGUA
650 _aMICROBIOLOGIA ACUATICA
650 _aTRATAMIENTO DE AGUA
942 _c01
010 _a73157
999 _c229047
_d229047